Statistics for Counting from 1-10

Click here to take the quiz!

General Stats

  • This quiz has been taken 648 times
  • The average score is 9 of 10

Answer Stats

Numbers% Correct
1
99%
2
98%
3
96%
6
96%
4
95%
5
95%
7
94%
8
94%
9
90%
10
87%

Score Distribution

Percentile by Number Answered

Percent of People with Each Score

Your Score History

You have not taken this quiz